000 00789nam a22002657a 4500
999 _c4611
_d4611
003 AR-CdUCM
008 190311b ||||| |||| 00| 0 spa d
020 _a1-58717-108-2
040 _aMUNICIPALIDAD PROVINCIAL DEL CUSCO
_cBIBLIOTECA MUNICIPAL DEL CUSCO
041 _heng
082 _a803 /
_bF34
100 _aJuster, Norton
_914383
245 _aLa caseta mágica /
260 _aNew York :
_bSeaStar Books,
_c1998.
300 _a250 páginas ;
_c22 cm.
500 _aCuento
650 _aCuentos ilustrados
_914384
650 _aFantasía
_92989
650 _aLiteratura
_9416
650 _aLiteratura de Estados Unidos
_99475
700 _aIlustrador: Jules Feiffer
_914385
700 _aTraduccion: Alberto Jiménez Rioja
_914386
942 _2ddc
_cLIBROS
945 _admma